LEADER 00809nam1 22002653i 450 001 996258348103316 005 20180613092051.0 020 $aIT$b1950 5538 100 $a19930625d1950----||||0itac50 ba 101 $aita 102 $aIT 200 1 $aPompeiana$eraccolta di studi per il secondo centenario degli scavi di Pompei 210 $aNapoli$cGaetano Macchiaroli$d1950 215 $a476 p.$cill.$d23 cm 225 $aBiblioteca della parola del passato$v4 410 0$12001$aBiblioteca della Parola del passato$v4 606 0 $aScavi archeologici$xPompei$xCelebrazioni$2BNCF 676 $a937.72568 801 0$aIT$bsalbc$gISBD 851 $aXV.14.B. 154$b263356 L.M.$cXV.14.B.$d414251 912 $a996258348103316 959 $aBK 969 $aFVIG 996 $aPompeiana$9280190 997 $aUNISA LEADER 01966nas 2200733-a 450 001 996198196403316 005 20230522213016.0 011 $a1423-0054 035 $a(DE-599)ZDB1472161-2 035 $a(OCoLC)44640913 035 $a(CKB)954925404662 035 $a(CONSER)--2010250528 035 $a(EXLCZ)99954925404662 100 $a20000724a19659999 s-- - 101 0 $aeng 135 $aurmnu|||||||| 181 $ctxt$2rdacontent 182 $cc$2rdamedia 183 $acr$2rdacarrier 200 10$aHuman development 210 $a[Basel, Switzerland] $cKarger 311 $a0018-716X 531 $aHUMAN DEVELOPMENT BASEL 531 $aHUM DEV 531 $aHUM. DEV 606 $aGeriatrics$vPeriodicals 606 $aGrowth$vPeriodicals 606 $aAging$vPeriodicals 606 $aGrowth 606 $aGériatrie$vPériodiques 606 $aCroissance$vPériodiques 606 $aPsychobiologie$vPériodiques 606 $aAging$2fast$3(OCoLC)fst00800293 606 $aGeriatrics$2fast$3(OCoLC)fst00941257 606 $aGrowth$2fast$3(OCoLC)fst00948571 606 $aSozialanthropologie$2gnd 606 $aZeitschrift$2gnd 606 $aOnline-Ressource$2gnd 606 $aEntwicklungspsychologie$2gnd 606 $aOntologie$2gnd 608 $aPeriodical. 608 $aPeriodicals.$2fast 608 $aPeriodicals.$2lcgft 615 0$aGeriatrics 615 0$aGrowth 615 0$aAging 615 2$aGrowth. 615 6$aGériatrie 615 6$aCroissance 615 6$aPsychobiologie 615 7$aAging. 615 7$aGeriatrics. 615 7$aGrowth. 615 7$aSozialanthropologie 615 7$aZeitschrift 615 7$aOnline-Ressource 615 7$aEntwicklungspsychologie 615 7$aOntologie 676 $a618.97 712 02$aS. Karger (Firm) 906 $aJOURNAL 912 $a996198196403316 996 $aHuman development$9976960 997 $aUNISA